[Event "26th EUR-ch"]
[Site "Katowice POL"]
[Date "2026.04.18"]
[Round "10.80"]
[White "Dubnevych, Maksym"]
[Black "Royal, Shreyas"]
[Result "0-1"]
[WhiteElo "2341"]
[BlackElo "2515"]
[EventDate "2026.04.07"]
[PlyCount "92"]

1.d4 d5 2.c4 e6 3.Nf3 Nd7 4.Nc3 Ngf6 5.cxd5 exd5 6.Bf4 Nb6 7.e3 Bf5 8.Be2 
Bd6 9.Bxd6 Qxd6 10.O-O O-O 11.Rc1 c6 12.Ne5 Nfd7 13.Nxd7 Qxd7 14.Na4 Nxa4 
15.Qxa4 Rfe8 16.b4 a6 17.Qb3 Re6 18.Bd3 Rg6 19.Kh1 Re8 20.Bxf5 Qxf5 21.Qd1
Re4 22.Qf3 Qd7 23.a4 Reg4 24.g3 h5 25.b5 axb5 26.axb5 h4 27.bxc6 bxc6 28.
Qe2 Qe6 29.Rcd1 Rh6 30.Kg2 Re4 31.Rde1 hxg3 32.fxg3 Qh3+ 33.Kg1 Rxe3 34.
Qf2 Rxe1 35.Rxe1 Rf6 36.Re8+ Kh7 37.Qe2 g6 38.Re3 Kg7 39.Re5 Re6 40.Rxe6 
Qxe6 41.Qd2 Qe4 42.Qc3 g5 43.Kf2 Qh1 44.Qxc6 Qxh2+ 45.Kf3 Qh3 46.Qc1 g4+ 
0-1

[Event "26th EUR-ch"]
[Site "Katowice POL"]
[Date "2026.04.18"]
[Round "10.81"]
[White "Kaczmarek, Aleksander"]
[Black "Sahidi, Samir"]
[Result "1/2-1/2"]
[WhiteElo "2340"]
[BlackElo "2513"]
[EventDate "2026.04.07"]
[PlyCount "99"]

1.e4 c5 2.Nf3 d6 3.d4 cxd4 4.Nxd4 Nf6 5.Nc3 a6 6.Bc4 e6 7.Bb3 b5 8.O-O Be7
9.Qf3 Qc7 10.Qg3 O-O 11.Bh6 Ne8 12.Rad1 Bd7 13.Rfe1 Nc6 14.Nce2 Na5 15.Nf4
Kh8 16.Bxe6 gxh6 17.Nd5 Qd8 18.Bxd7 Qxd7 19.Qc3 b4 20.Qxb4 Bd8 21.Qd2 Rg8 
22.Nf5 Rc8 23.b3 Nc6 24.f4 Rg6 25.Kh1 Kg8 26.Re3 Ng7 27.Qd3 a5 28.Rh3 h5 
29.c4 Rb8 30.a3 Kf8 31.Qc2 Qa7 32.Qb2 Qd7 33.Qc2 Qc8 34.Nde3 Qc7 35.Nxg7 
Kxg7 36.Rxh5 Qb7 37.Rb5 Qa7 38.Nf5+ Kg8 39.Rxb8 Qxb8 40.Qd3 Qb6 41.Qf3 Qc5
42.e5 a4 43.bxa4 h5 44.Nxd6 Be7 45.Nf5 Bf8 46.Nh4 Rg7 47.Nf5 Rg6 48.Nh4 
Rg7 49.Nf5 Rg6 50.Nh4 1/2-1/2

[Event "26th EUR-ch"]
[Site "Katowice POL"]
[Date "2026.04.18"]
[Round "10.82"]
[White "Krawczyk, Flawian"]
[Black "Stocek, Jiri"]
[Result "0-1"]
[WhiteElo "2329"]
[BlackElo "2512"]
[EventDate "2026.04.07"]
[PlyCount "84"]

1.e4 c5 2.Nf3 e6 3.d4 cxd4 4.Nxd4 Nf6 5.Nc3 Nc6 6.Nxc6 bxc6 7.e5 Nd5 8.Ne4
Qc7 9.f4 Rb8 10.a3 Qb6 11.Bd3 Be7 12.Qe2 f5 13.Nd6+ Bxd6 14.exd6 c5 15.Qe5
O-O 16.c4 Nf6 17.h3 Bb7 18.O-O Be4 19.Be2 Rfc8 20.Rf2 Qb3 21.Bd2 Qxb2 22.
Bc3 Qc2 23.Bf1 Qa4 24.g4 Rb3 25.g5 Ne8 26.Be2 Rcb8 27.Kh2 Qa6 28.Bd1 Rxc3 
29.Qxc3 Nxd6 30.Rc1 Rb6 31.h4 Bc6 32.Re2 Ne4 33.Qe3 Ba4 34.Qf3 Rb8 35.h5 
d5 36.cxd5 exd5 37.h6 Bxd1 38.Rxd1 Rb3 39.Re3 Rb2+ 40.Kh3 Rf2 41.Qh5 g6 
42.Qh4 d4 0-1

[Event "26th EUR-ch"]
[Site "Katowice POL"]
[Date "2026.04.18"]
[Round "10.83"]
[White "Papakonstantinou, Dimitrios"]
[Black "Lopez Martinez, Josep Manuel"]
[Result "0-1"]
[WhiteElo "2338"]
[BlackElo "2510"]
[EventDate "2026.04.07"]
[PlyCount "118"]

1.e4 c5 2.Nf3 e6 3.d4 cxd4 4.Nxd4 Nc6 5.Nc3 d6 6.Be3 Nf6 7.Be2 Be7 8.Qd2 
a6 9.O-O-O O-O 10.Kb1 Nxd4 11.Qxd4 Nd7 12.f4 b5 13.Bf3 Rb8 14.h4 Qa5 15.h5
h6 16.Rh3 b4 17.Ne2 e5 18.Qd2 Nb6 19.Bxb6 Rxb6 20.f5 Bg5 21.Qe1 Bb7 22.Nc1
Rc8 23.Nb3 Qa4 24.Rd3 Rc4 25.Rh1 Be7 26.Qe2 Rc7 27.Rhd1 a5 28.f6 Bxf6 29.
Rxd6 Rxd6 30.Rxd6 Be7 31.Rb6 Qd7 32.Bg4 Qe8 33.Nxa5 Ba8 34.Bf5 Bf8 35.Qd3 
Ra7 36.Nc4 Bc5 37.Rd6 Bxd6 38.Qxd6 Rb7 39.Nxe5 Re7 40.Nd3 Bxe4 41.Bxe4 
Rxe4 42.b3 Rg4 43.g3 Qf8 44.Qc7 Qe8 45.Kb2 f6 46.Kb1 Kh7 47.Qc5 Qe6 48.Kb2
Qe4 49.Kb1 Rxg3 50.Qxb4 Qxb4 51.Nxb4 Rg5 52.Nd3 Rxh5 53.b4 g5 54.a4 g4 55.
Nf4 g3 56.Nxh5 g2 57.Nxf6+ Kg6 58.Nd5 g1=Q+ 59.Ka2 Qd4 0-1

[Event "26th EUR-ch"]
[Site "Katowice POL"]
[Date "2026.04.18"]
[Round "10.84"]
[White "Coicev, Matei-Andrei"]
[Black "Akbas, Umut Ata"]
[Result "0-1"]
[WhiteElo "2333"]
[BlackElo "2470"]
[EventDate "2026.04.07"]
[PlyCount "249"]

1.e4 e5 2.Nf3 Nc6 3.Bc4 Nf6 4.d3 Bc5 5.c3 a5 6.O-O d6 7.Nbd2 O-O 8.h3 Ba7 
9.Bb3 Be6 10.Bc2 h6 11.Re1 Re8 12.Nf1 d5 13.exd5 Bxd5 14.Ng3 b5 15.Be3 
Bxe3 16.Rxe3 a4 17.a3 g6 18.Qe2 Qd6 19.Re1 Bxf3 20.Qxf3 Rad8 21.Bb1 Kg7 
22.Ba2 Qd7 23.Qe2 Rf8 24.Rf3 Rde8 25.Re3 Rb8 26.Qf3 Rbd8 27.R3e2 Ng8 28.
Qe3 Rb8 29.Ne4 Nge7 30.Qf3 Qf5 31.Qxf5 Nxf5 32.Nc5 Rfd8 33.g3 Rb6 34.Kg2 
Nd6 35.Re3 Nb7 36.Ne4 Nb8 37.Nd2 Nc5 38.Bb1 Nc6 39.Nf3 Kf6 40.R1e2 Rd5 41.
Re1 Rb8 42.c4 bxc4 43.dxc4 Rd6 44.Nxe5 Nd4 45.Ng4+ Kg7 46.Re5 Nde6 47.Rd5 
Rxb2 48.Rxd6 cxd6 49.Ne3 Rb3 50.Nc2 Nd3 51.Rd1 Nec5 52.Nd4 Rxa3 53.Bc2 Nb4
54.Rb1 Nxc2 55.Nxc2 Ra2 56.Ne3 Ne4 57.Nd1 a3 58.Rc1 Re2 59.Kf1 Rd2 60.Ke1 
a2 61.f3 Rc2 62.Rxc2 a1=Q 63.fxe4 Qd4 64.Nf2 Qe3+ 65.Kf1 Qxg3 66.Rd2 Kf8 
67.Rd3 Qf4 68.Ke2 Ke7 69.Rc3 Qe5 70.Rc2 Qd4 71.Kf3 Ke6 72.Kg2 h5 73.Kf3 g5
74.Kg2 Qe3 75.Rb2 Qc3 76.Rb5 f6 77.Rf5 h4 78.Rf3 Qxc4 79.Rf5 Qc3 80.Rf3 
Qe5 81.Rf5 Qg3+ 82.Kf1 Kf7 83.Ke2 Kg6 84.Kf1 Qc3 85.Kg2 Qc4 86.Kg1 Qc3 87.
Kg2 Qg3+ 88.Kf1 g4 89.hxg4 h3 90.Rh5 h2 91.Ke2 d5 92.exd5 f5 93.Rxf5 Qxf2+
94.Kxf2 h1=Q 95.Kg3 Qg1+ 96.Kh3 Kg7 97.Rg5+ Kf6 98.Rf5+ Kg6 99.Rh5 Qe3+ 
100.Kh4 Qf2+ 101.Kh3 Qf3+ 102.Kh4 Qf4 103.Kh3 Qf2 104.Rf5 Qg1 105.Rh5 Qe3+
106.Kh4 Qe1+ 107.Kh3 Kf6 108.Rf5+ Ke7 109.Kg2 Kd6 110.Kf3 Kc5 111.Kg2 Kd4 
112.Kh3 Ke4 113.Kg2 Qh4 114.Rf3 Qxg4+ 115.Rg3 Qe2+ 116.Kg1 Kf4 117.Rg2 
Qe1+ 118.Kh2 Qh4+ 119.Kg1 Kf3 120.d6 Qd4+ 121.Kh1 Qd1+ 122.Kh2 Qxd6+ 123.
Kh1 Qh6+ 124.Kg1 Qh4 125.Ra2 0-1

[Event "26th EUR-ch"]
[Site "Katowice POL"]
[Date "2026.04.18"]
[Round "10.85"]
[White "Trushko, Andrii"]
[Black "Druska, Juraj"]
[Result "0-1"]
[WhiteElo "2325"]
[BlackElo "2458"]
[EventDate "2026.04.07"]
[PlyCount "108"]

1.d4 d6 2.e4 Nf6 3.Bd3 e5 4.d5 Nbd7 5.c4 Nc5 6.Nc3 Nxd3+ 7.Qxd3 Be7 8.Nf3 
O-O 9.h3 Nd7 10.Be3 b6 11.g4 Nc5 12.Qc2 a5 13.b3 Kh8 14.O-O-O Bd7 15.a4 f5
16.gxf5 g6 17.Bh6 Rf7 18.Rdg1 gxf5 19.Ng5 Bxg5+ 20.Bxg5 Qf8 21.Be3 fxe4 
22.Rh2 Rg7 23.Rhg2 Nd3+ 24.Kd2 Rxg2 25.Rxg2 Bxh3 26.Rh2 Bf5 27.Qd1 Qf7 28.
Qh5 Bg6 29.Qg4 Nf4 30.Bxf4 exf4 31.Ne2 Rf8 32.Rh4 e3+ 33.fxe3 fxe3+ 34.
Kxe3 Re8+ 35.Kd2 Qf1 36.Rh2 Qb1 37.Qd4+ Kg8 38.Qc3 Rf8 39.Nc1 Qf5 40.Re2 
Qg5+ 41.Qe3 Qxe3+ 42.Rxe3 h5 43.Ne2 Rf7 44.Kc3 Kg7 45.b4 Kh6 46.bxa5 bxa5 
47.c5 h4 48.Kc4 Bf5 49.cxd6 cxd6 50.Kb5 h3 51.Ng3 Bg4 52.Kc6 Rf3 53.Rxf3 
Bxf3 54.Nf1 Bd1 0-1

[Event "26th EUR-ch"]
[Site "Katowice POL"]
[Date "2026.04.18"]
[Round "10.86"]
[White "Dyachuk, Artem"]
[Black "Palczert, Matyas"]
[Result "1-0"]
[WhiteElo "2323"]
[BlackElo "2457"]
[EventDate "2026.04.07"]
[PlyCount "123"]

1.d4 Nf6 2.c4 e6 3.Nf3 d5 4.Nc3 Bb4 5.Bg5 h6 6.Bxf6 Qxf6 7.e3 O-O 8.Rc1 
Nc6 9.cxd5 exd5 10.Qb3 Qd6 11.a3 Ba5 12.Be2 Ne7 13.O-O c6 14.Qc2 Bf5 15.
Bd3 Bxd3 16.Qxd3 Bc7 17.Na4 Rac8 18.Nc5 b6 19.Na6 Bd8 20.b4 Ng6 21.Rc3 Bf6
22.Rfc1 Qd7 23.a4 Ne7 24.g3 h5 25.h4 Rfe8 26.R3c2 Qg4 27.Nh2 Qh3 28.Qd1 
Qf5 29.Rc3 g6 30.Qd3 Qd7 31.R3c2 c5 32.dxc5 Qxa4 33.b5 Red8 34.c6 Nf5 35.
c7 Rd7 36.Rc6 Be7 37.Nf3 Qe4 38.Qe2 d4 39.Nd2 Qe5 40.Nb8 Rdxc7 41.Nf3 Rxc6
42.Nxc6 Qe6 43.e4 Bc5 44.Ng5 Qe8 45.Qf3 Nh6 46.e5 Ng4 47.Ne4 Kg7 48.Qf4 
Qe6 49.Nxc5 bxc5 50.Rxc5 d3 51.Qd4 Rc7 52.Nd8 Qd7 53.Rd5 Rc1+ 54.Kg2 Ne3+ 
55.fxe3 Rc2+ 56.Kf3 Qh3 57.e6+ Kh7 58.Rxh5+ gxh5 59.Qxd3+ f5 60.Qxc2 Qf1+ 
61.Qf2 Qd1+ 62.Kg2 1-0

[Event "26th EUR-ch"]
[Site "Katowice POL"]
[Date "2026.04.18"]
[Round "10.88"]
[White "Fiedorek, Michal"]
[Black "Tutisani, Noe"]
[Result "0-1"]
[WhiteElo "2323"]
[BlackElo "2454"]
[EventDate "2026.04.07"]
[PlyCount "80"]

1.e4 c5 2.Nf3 d6 3.d4 cxd4 4.Nxd4 Nf6 5.Nc3 g6 6.Be3 Bg7 7.f3 Nc6 8.Qd2 
O-O 9.O-O-O d5 10.exd5 Nxd5 11.Nxc6 bxc6 12.Bd4 e5 13.Bc5 Be6 14.Ne4 Re8 
15.h4 h5 16.g4 Nf4 17.g5 Bd5 18.Qb4 Qd7 19.Rh2 a5 20.Qa3 Qe6 21.Rhd2 a4 
22.Nd6 Red8 23.c4 Rxd6 24.Bxd6 Bxc4 25.Bxc4 Qxc4+ 26.Kb1 Qe6 27.Qc5 Rc8 
28.Rc1 Qh3 29.Qe3 Ng2 30.Qe4 Nxh4 31.Rd3 Qg2 32.Be7 Nf5 33.Bf6 Bxf6 34.
gxf6 h4 35.Qxe5 h3 36.Rdd1 h2 37.Rh1 Ng3 38.Qf4 a3 39.bxa3 Nxh1 40.Rc2 Ng3
0-1

[Event "26th EUR-ch"]
[Site "Katowice POL"]
[Date "2026.04.18"]
[Round "10.89"]
[White "Yilmaz, Baver"]
[Black "Tsolakidou, Stavroula"]
[Result "0-1"]
[WhiteElo "2321"]
[BlackElo "2452"]
[EventDate "2026.04.07"]
[PlyCount "102"]

1.e4 e5 2.Nf3 Nc6 3.Bb5 f5 4.d3 fxe4 5.dxe4 Nf6 6.O-O d6 7.Nc3 Be7 8.Bc4 
Na5 9.Bd3 O-O 10.h3 Kh8 11.b4 Nc6 12.Rb1 Be6 13.Qe2 Qe8 14.Bc4 Bd7 15.Nd5 
Qg6 16.Bd3 Bxh3 17.Nh4 Qg4 18.Qxg4 Bxg4 19.b5 Nxd5 20.bxc6 Nc3 21.Rb3 Bxh4
22.cxb7 Rab8 23.Rxc3 Rxb7 24.Be3 c5 25.Bc4 Rfb8 26.Rb3 a5 27.Bd5 Rb6 28.
Rfb1 Bd8 29.Bd2 Bd7 30.Kf1 Ba4 31.Rxb6 Rxb6 32.Rc1 Rb2 33.Bb3 Bxb3 34.axb3
Ra2 35.Ke2 Kg8 36.Kd3 a4 37.b4 a3 38.bxc5 dxc5 39.Bc3 Bg5 40.Rf1 c4+ 41.
Kxc4 Rxc2 42.Kd3 Ra2 43.Bxe5 Rd2+ 44.Kc3 a2 45.Bd4 h5 46.g3 Bh6 47.e5 g6 
48.Kc4 Kf7 49.Bc3 Rc2 50.Kb3 Re2 51.Kc4 Bd2 0-1

[Event "26th EUR-ch"]
[Site "Katowice POL"]
[Date "2026.04.18"]
[Round "10.90"]
[White "Willow, Jonah"]
[Black "Balaji, Aaravamudhan"]
[Result "1-0"]
[WhiteElo "2452"]
[BlackElo "2301"]
[EventDate "2026.04.07"]
[PlyCount "53"]

1.e4 e5 2.Nc3 Nc6 3.Bc4 Nf6 4.d3 Na5 5.Nge2 Nxc4 6.dxc4 Bc5 7.h3 O-O 8.Qd3
a5 9.b3 Re8 10.Be3 Bxe3 11.Qxe3 d6 12.a4 Be6 13.O-O-O Nd7 14.g4 b6 15.g5 
f5 16.exf5 Bxf5 17.h4 Re6 18.h5 Qf8 19.Rh4 Qf7 20.Nd5 Nc5 21.g6 hxg6 22.
hxg6 Bxg6 23.Qh3 Qxf2 24.Rh8+ Kf7 25.Rf1 Rxh8 26.Rxf2+ Kg8 27.Rf8+ 1-0

[Event "26th EUR-ch"]
[Site "Katowice POL"]
[Date "2026.04.18"]
[Round "10.91"]
[White "David, Alexandru-Vasile"]
[Black "Kolosowski, Mateusz"]
[Result "0-1"]
[WhiteElo "2314"]
[BlackElo "2444"]
[EventDate "2026.04.07"]
[PlyCount "74"]

1.d4 d5 2.c4 e6 3.Nc3 c6 4.e3 Nf6 5.Nf3 Nbd7 6.Qc2 Bd6 7.Be2 O-O 8.O-O 
dxc4 9.a4 e5 10.Bxc4 exd4 11.Nxd4 Ne5 12.Be2 a5 13.b3 Re8 14.Bb2 Ng6 15.
Rad1 Qc7 16.h3 Nh4 17.e4 Bc5 18.Kh1 Qb6 19.Nf3 Nxf3 20.Bxf3 Be6 21.Rd2 
Bxb3 22.Qc1 Re6 23.Ba3 Bb4 24.Qb2 Qc5 25.Bxb4 axb4 26.Rc1 bxc3 27.Qxb3 
Nxe4 28.Qxb7 Rae8 29.Rdc2 Nxf2+ 30.Kh2 Nd3 31.Rf1 Re1 32.Be2 Qe5+ 33.Kg1 
Qe3+ 34.Kh2 Rxf1 35.Bxf1 Qf4+ 36.Kg1 Qxf1+ 37.Kxf1 Re1# 0-1

[Event "26th EUR-ch"]
[Site "Katowice POL"]
[Date "2026.04.18"]
[Round "10.92"]
[White "Kucza, Karol"]
[Black "Bakhmatskyi, Vladyslav"]
[Result "0-1"]
[WhiteElo "2320"]
[BlackElo "2442"]
[EventDate "2026.04.07"]
[PlyCount "94"]

1.e4 e6 2.d4 d5 3.Nc3 Nc6 4.Nf3 Nf6 5.e5 Ne4 6.Bd3 Bb4 7.Bd2 Bxc3 8.Bxc3 
Nxc3 9.bxc3 Bd7 10.Qd2 h6 11.c4 dxc4 12.Bxc4 Ne7 13.Rb1 Bc6 14.Bb5 Qd5 15.
Bxc6+ Qxc6 16.O-O O-O 17.Rfc1 b6 18.c4 Rfd8 19.Rb3 Rd7 20.Rd3 Rad8 21.d5 
exd5 22.Nd4 Qg6 23.c5 bxc5 24.Rxc5 Rb8 25.h3 c6 26.Rg3 Qh5 27.e6 fxe6 28.
Nxe6 Nf5 29.Rg4 Rd6 30.Nd4 Nxd4 31.Qxd4 Qf7 32.Rc3 Rb7 33.Rcg3 Qf6 34.Qc5 
Re6 35.Kh2 Rf7 36.a4 Qe7 37.Qd4 Ref6 38.Rg6 Qd6 39.Rxf6 Qxf6 40.Qc5 Rd7 
41.a5 Qd6 42.Qe3 Re7 43.Qd2 c5 44.f4 d4 45.Qa2+ Kh8 46.f5 Re3 47.Qf2 c4 
0-1

[Event "26th EUR-ch"]
[Site "Katowice POL"]
[Date "2026.04.18"]
[Round "10.93"]
[White "Dovgaliuk, Oleksandr"]
[Black "Isik, Alparslan"]
[Result "0-1"]
[WhiteElo "2309"]
[BlackElo "2435"]
[EventDate "2026.04.07"]
[PlyCount "104"]

1.d4 Nf6 2.c4 e6 3.g3 d5 4.Bg2 Bb4+ 5.Bd2 Be7 6.Nf3 O-O 7.O-O c6 8.Qc2 
Nbd7 9.Rc1 h6 10.c5 Ne4 11.Nc3 f5 12.b4 Bf6 13.a4 g5 14.e3 e5 15.Ne2 Nxd2 
16.Nxd2 e4 17.b5 Rf7 18.a5 Nf8 19.Nc3 a6 20.bxc6 bxc6 21.Qa4 Bd7 22.Rab1 
Bg7 23.Rb6 Ne6 24.Na2 f4 25.Bh3 fxe3 26.fxe3 Nxd4 27.Bxd7 Qxd7 28.exd4 
Raf8 29.Qxc6 Bxd4+ 30.Kh1 Qxc6 31.Rxc6 Be3 32.Rd1 Bxd2 33.Rxd2 e3 34.Rxd5 
e2 35.Re5 Rf1+ 36.Kg2 R8f2+ 37.Kh3 e1=Q 38.Rxe1 Rxe1 39.Nc3 Kg7 40.Kg4 Re3
41.Rc7+ Rf7 42.Nd5 Re5 43.Rxf7+ Kxf7 44.Nc7 Rxc5 45.Nxa6 Rxa5 46.Nb8 Kg6 
47.Nc6 h5+ 48.Kf3 g4+ 49.Kg2 Ra2+ 50.Kg1 Kf5 51.Nd4+ Ke4 52.Ne6 Ke3 0-1

[Event "26th EUR-ch"]
[Site "Katowice POL"]
[Date "2026.04.18"]
[Round "10.94"]
[White "Sapocinic, Semion"]
[Black "Besou, Hussain"]
[Result "1-0"]
[WhiteElo "2307"]
[BlackElo "2427"]
[EventDate "2026.04.07"]
[PlyCount "77"]

1.d4 Nf6 2.Nf3 d5 3.c4 e6 4.Nc3 c6 5.e3 Nbd7 6.Be2 Bd6 7.O-O O-O 8.b3 b6 
9.Bb2 Bb7 10.Bd3 Qe7 11.Re1 c5 12.cxd5 exd5 13.Bf1 Rad8 14.g3 Rfe8 15.Bg2 
Nf8 16.Rc1 Ne6 17.Nh4 g6 18.Nf3 h5 19.Ne2 Ne4 20.Nf4 Ng7 21.dxc5 bxc5 22.
b4 cxb4 23.Qd4 Nc3 24.Bxc3 bxc3 25.Ne2 Ba3 26.Rc2 Nf5 27.Qd3 d4 28.Nfxd4 
Bxg2 29.Kxg2 h4 30.Rb1 Bb4 31.Nxc3 Qb7+ 32.Kh3 hxg3 33.hxg3 Kg7 34.Nxf5+ 
gxf5 35.Qxf5 Rh8+ 36.Kg4 Rh6 37.Ne4 a5 38.Qe5+ f6 39.Rc7+ 1-0

[Event "26th EUR-ch"]
[Site "Katowice POL"]
[Date "2026.04.18"]
[Round "10.95"]
[White "Piliposian, Robert"]
[Black "Azoulay, Yehonatan"]
[Result "1-0"]
[WhiteElo "2420"]
[BlackElo "2299"]
[EventDate "2026.04.07"]
[PlyCount "55"]

1.e4 c5 2.Nf3 d6 3.Bb5+ Bd7 4.Bxd7+ Nxd7 5.Qe2 Ngf6 6.O-O a6 7.c4 Ne5 8.
Nc3 e6 9.Rd1 Be7 10.b3 Nfd7 11.d4 Nxf3+ 12.Qxf3 cxd4 13.Rxd4 O-O 14.Bb2 
Qa5 15.Rad1 Rad8 16.Qg3 Nf6 17.a3 Qh5 18.a4 Rc8 19.Ba3 Ne8 20.R4d2 Qa5 21.
e5 Rd8 22.exd6 Bg5 23.Rd3 Rd7 24.Ne4 Bf6 25.Nc5 Rxd6 26.Rxd6 Nxd6 27.Qxd6 
Rd8 28.Nd7 1-0

[Event "26th EUR-ch"]
[Site "Katowice POL"]
[Date "2026.04.18"]
[Round "10.96"]
[White "Risteski, Emil"]
[Black "Bendayan Claros, Aaron"]
[Result "1-0"]
[WhiteElo "2416"]
[BlackElo "2296"]
[EventDate "2026.04.07"]
[PlyCount "115"]

1.Nf3 Nf6 2.g3 b5 3.Bg2 Bb7 4.O-O e6 5.d3 c5 6.e4 d6 7.Ng5 h6 8.Nh3 e5 9.
f4 Be7 10.Nd2 Nbd7 11.a4 a6 12.Qe2 O-O 13.f5 Qc7 14.g4 Nh7 15.Nf3 f6 16.
Nf2 c4 17.d4 Ng5 18.d5 Nxf3+ 19.Bxf3 c3 20.b3 bxa4 21.Rxa4 Nb6 22.Ra3 a5 
23.Be3 a4 24.Rb1 Ba6 25.Qe1 axb3 26.Raxb3 Nc4 27.Qxc3 Rfc8 28.Bc1 Qa7 29.
Qe1 Bd8 30.Kg2 Ba5 31.c3 Rab8 32.Nd3 Rxb3 33.Rxb3 Qc7 34.Nb4 Bb5 35.Rb1 
Nb6 36.Ra1 Na4 37.Bd2 Nb2 38.Be2 Bxe2 39.Qxe2 Bxb4 40.cxb4 Nc4 41.Rc1 Kh7 
42.Qd3 Kg8 43.b5 Kh7 44.b6 Qxb6 45.Rxc4 Rxc4 46.Qxc4 Qb1 47.Qe2 Qb3 48.Be1
Qa4 49.h4 Kg8 50.Bf2 Qb4 51.Qe3 Qa4 52.Kg3 Qc4 53.g5 hxg5 54.hxg5 fxg5 55.
Qxg5 Qxe4 56.f6 Qd3+ 57.Be3 g6 58.Qh6 1-0

[Event "26th EUR-ch"]
[Site "Katowice POL"]
[Date "2026.04.18"]
[Round "10.97"]
[White "Narva, Mai"]
[Black "Sliwicka, Alicja"]
[Result "1-0"]
[WhiteElo "2411"]
[BlackElo "2293"]
[EventDate "2026.04.07"]
[PlyCount "69"]

1.e4 c5 2.Nf3 Nc6 3.d4 cxd4 4.Nxd4 Nf6 5.Nc3 d6 6.Bc4 e5 7.Nf3 Be6 8.Qe2 
h6 9.O-O Be7 10.Rd1 O-O 11.Nd5 Rc8 12.c3 Bxd5 13.Bxd5 Nxd5 14.Rxd5 Qc7 15.
b3 a6 16.Ba3 b5 17.Rad1 Rfd8 18.h4 Na7 19.R1d3 Nc6 20.Qd2 Ra8 21.h5 b4 22.
cxb4 Na7 23.Bb2 Rdb8 24.Nxe5 dxe5 25.Rd7 Qb6 26.Rxe7 Nc6 27.Red7 Qxb4 28.
Qe2 Rf8 29.Rg3 Rfd8 30.Qg4 Qf8 31.Ba3 Rxd7 32.Bxf8 f5 33.Qxf5 Rf7 34.Rxg7+
Rxg7 35.Bxg7 1-0

[Event "26th EUR-ch"]
[Site "Katowice POL"]
[Date "2026.04.18"]
[Round "10.98"]
[White "Salimova, Nurgyul"]
[Black "Schippke, Manon"]
[Result "1-0"]
[WhiteElo "2399"]
[BlackElo "2269"]
[EventDate "2026.04.07"]
[PlyCount "93"]

1.d4 d5 2.Nf3 Bf5 3.c3 e6 4.Qb3 Bd6 5.Bg5 f6 6.Bh4 Ne7 7.e3 Nbc6 8.c4 Nb4 
9.Na3 c6 10.Be2 a5 11.O-O O-O 12.Ne1 Qe8 13.Bg3 Bxg3 14.hxg3 Kh8 15.Nb1 c5
16.dxc5 Qc6 17.cxd5 exd5 18.a3 Na6 19.Nf3 Nxc5 20.Qa2 Qb6 21.Nd4 Be4 22.
Nc3 Rfd8 23.Rad1 a4 24.Ndb5 Qc6 25.Nxe4 Nxe4 26.Nd4 Qb6 27.Bd3 f5 28.Rfe1 
Rd6 29.Ne2 Rad8 30.Qb1 Rh6 31.Qc2 g5 32.Bxe4 fxe4 33.Qc3+ Kg8 34.Qe5 Qf6 
35.Qxf6 Rxf6 36.Nc3 Rdd6 37.Rd4 Rb6 38.Re2 g4 39.Nxa4 Rbc6 40.Nc3 Rf5 41.
Red2 Rc5 42.Rb4 Rc7 43.Rb6 Kf7 44.Rd6 Ke8 45.Rh6 Ng8 46.Re6+ Kd7 47.Rxe4 
1-0

[Event "26th EUR-ch"]
[Site "Katowice POL"]
[Date "2026.04.18"]
[Round "10.99"]
[White "Nakonechnyi, Oleksii"]
[Black "Balacek, Tadeas"]
[Result "1/2-1/2"]
[WhiteElo "2297"]
[BlackElo "2396"]
[EventDate "2026.04.07"]
[PlyCount "74"]

1.Nf3 d5 2.g3 Nf6 3.Bg2 e6 4.O-O Be7 5.c4 O-O 6.b3 b6 7.Bb2 Bb7 8.Ne5 Nbd7
9.d4 c6 10.Qc2 Rc8 11.Rd1 c5 12.Qd3 dxc4 13.Nxc4 Bxg2 14.Kxg2 b5 15.Ne3 
Qb6 16.Nc3 cxd4 17.Qxd4 Bc5 18.Qf4 Bxe3 19.Qxe3 Qxe3 20.fxe3 b4 21.Nb5 Rc2
22.Bxf6 Nxf6 23.Kf3 e5 24.h3 h5 25.Rdc1 Rfc8 26.Rxc2 Rxc2 27.Nd6 a5 28.a3 
Rc6 29.Nb7 e4+ 30.Kf2 Nd5 31.Nxa5 Rf6+ 32.Kg1 Nxe3 33.axb4 Nc2 34.Rd1 Rb6 
35.Rd2 Nxb4 36.Nc4 Rb8 37.Rd4 Nc6 1/2-1/2

[Event "26th EUR-ch"]
[Site "Katowice POL"]
[Date "2026.04.18"]
[Round "10.100"]
[White "Varga, Csaba Zoltan"]
[Black "Smolik, Jachym"]
[Result "1-0"]
[WhiteElo "2280"]
[BlackElo "2395"]
[EventDate "2026.04.07"]
[PlyCount "75"]

1.h3 d5 2.a3 e5 3.e3 Bd6 4.c4 d4 5.Nf3 c5 6.exd4 cxd4 7.c5 Bc7 8.Bb5+ Nc6 
9.O-O Ne7 10.d3 O-O 11.Nbd2 h6 12.Re1 Ng6 13.Nc4 Qf6 14.Ba4 Be6 15.b4 Nce7
16.Nh2 Nf4 17.Bxf4 exf4 18.Ng4 Qg5 19.Rxe6 fxe6 20.Qe2 e5 21.Ncxe5 Bxe5 
22.Nxe5 Kh7 23.Nf3 Qf6 24.Qe4+ Ng6 25.Qxb7 a5 26.b5 Qf5 27.Rc1 Rab8 28.Qe4
Qxe4 29.dxe4 d3 30.c6 Ne7 31.Ne5 Rbd8 32.Nd7 Rfe8 33.Rd1 Nc8 34.Rxd3 Nb6 
35.Bc2 Nxd7 36.c7 Kg8 37.cxd8=Q Rxd8 38.Bb3+ 1-0

[Event "26th EUR-ch"]
[Site "Katowice POL"]
[Date "2026.04.18"]
[Round "10.101"]
[White "Kiolbasa, Oliwia"]
[Black "Sason, Noam"]
[Result "1/2-1/2"]
[WhiteElo "2394"]
[BlackElo "2199"]
[EventDate "2026.04.07"]
[PlyCount "133"]

1.e4 c5 2.Nf3 a6 3.c3 d5 4.exd5 Qxd5 5.d4 Nf6 6.Be2 cxd4 7.cxd4 e6 8.Nc3 
Qd6 9.Ne5 Nc6 10.Nxc6 bxc6 11.O-O Be7 12.Na4 O-O 13.b3 Rd8 14.Bb2 Nd5 15.
Bf3 Ra7 16.Qd2 a5 17.Rfd1 h6 18.g3 Bd7 19.h4 g5 20.hxg5 hxg5 21.Kg2 Kg7 
22.Rh1 Raa8 23.Nc5 Rh8 24.Rxh8 Rxh8 25.Qxa5 f5 26.Nd3 g4 27.Bxd5 exd5 28.
Rh1 f4 29.Nxf4 Rxh1 30.Kxh1 Bf5 31.Kg1 Be4 32.Qc7 Qb4 33.Ng2 Kf7 34.Qxc6 
Qd2 35.Qc1 Qe2 36.a4 Bd6 37.Nh4 Ke8 38.Bc3 Qd3 39.Qd2 Qb1+ 40.Qe1 Qd3 41.
Nf5 Be7 42.Ne3 Bg5 43.a5 Bxe3 44.Qxe3 Qb1+ 45.Be1 Kd7 46.a6 Qa1 47.Qe2 Kc6
48.b4 Kb6 49.b5 Qc1 50.Qd2 Qxd2 51.Bxd2 Bd3 52.Ba5+ Ka7 53.b6+ Kxa6 54.f3 
Bf5 55.Kf2 Bc8 56.Bb4 Kxb6 57.fxg4 Kc6 58.Kf3 Kd7 59.Kf4 Ke6 60.Kg5 Kf7 
61.Bd6 Ba6 62.Kf5 Bd3+ 63.Ke5 Be4 64.g5 Kg6 65.Be7 Bg2 66.Ke6 Be4 67.Ke5 
1/2-1/2

[Event "26th EUR-ch"]
[Site "Katowice POL"]
[Date "2026.04.18"]
[Round "10.102"]
[White "Pasti, Aron"]
[Black "Karpus, Michal"]
[Result "1-0"]
[WhiteElo "2388"]
[BlackElo "2243"]
[EventDate "2026.04.07"]
[PlyCount "83"]

1.e4 e6 2.d4 d5 3.Nd2 Nf6 4.e5 Nfd7 5.f4 c5 6.c3 Nc6 7.Ndf3 Qb6 8.a3 Be7 
9.h4 a5 10.b3 Qc7 11.h5 h6 12.Rh3 Rb8 13.Rg3 Kf8 14.Nh3 b5 15.f5 exf5 16.
Nf4 Nb6 17.Bxb5 Bd7 18.Kf2 cxd4 19.e6 Bxe6 20.Bxc6 Bd6 21.Qxd4 Rg8 22.Rxg7
Rxg7 23.Nxe6+ fxe6 24.Bxh6 e5 25.Qh4 Bc5+ 26.Kf1 Qxc6 27.Qg5 Qc7 28.b4 Kg8
29.Bxg7 Qxg7 30.bxc5 Nc4 31.h6 Qxg5 32.Nxg5 Ne3+ 33.Kg1 Ng4 34.h7+ Kg7 35.
c6 d4 36.cxd4 exd4 37.Ne6+ Kxh7 38.Nxd4 Kg6 39.c7 Rc8 40.Nb5 Nf6 41.Rd1 
Ne8 42.Rd8 1-0

[Event "26th EUR-ch"]
[Site "Katowice POL"]
[Date "2026.04.18"]
[Round "10.103"]
[White "Szczurek, Krzysztof"]
[Black "Sieciechowicz, Marcin"]
[Result "1/2-1/2"]
[WhiteElo "2273"]
[BlackElo "2383"]
[EventDate "2026.04.07"]
[PlyCount "83"]

1.e4 c5 2.Nf3 g6 3.d4 cxd4 4.Nxd4 Bg7 5.Nc3 Nc6 6.Nf3 d6 7.Be2 Nf6 8.O-O 
O-O 9.h3 b6 10.Bg5 h6 11.Be3 Bb7 12.Qd2 Kh7 13.Rad1 Rc8 14.Qc1 Qe8 15.Rfe1
Nd7 16.Nh2 Nc5 17.f3 a6 18.Nd5 b5 19.c3 Ne5 20.Ng4 Nxg4 21.hxg4 e6 22.Nf4 
Qe7 23.Bf1 b4 24.c4 Na4 25.Nd3 a5 26.Qc2 Bc6 27.Qf2 Rfd8 28.b3 Nc3 29.Rd2 
Ra8 30.Rc2 Rdb8 31.Bd4 Bxd4 32.Qxd4 Qa7 33.Qxa7 Rxa7 34.a3 Be8 35.axb4 
axb4 36.e5 dxe5 37.Nxb4 Na4 38.Nd3 Rxb3 39.Rxe5 Rc7 40.Ra5 Nb6 41.Nc5 Rb1 
42.Kf2 1/2-1/2

[Event "26th EUR-ch"]
[Site "Katowice POL"]
[Date "2026.04.18"]
[Round "10.104"]
[White "Boci, Mateu"]
[Black "Vagman, Roy"]
[Result "1-0"]
[WhiteElo "2256"]
[BlackElo "2377"]
[EventDate "2026.04.07"]
[PlyCount "87"]

1.e4 c5 2.Nf3 d6 3.Bb5+ Nd7 4.c4 Nf6 5.Nc3 g6 6.O-O Bg7 7.d3 O-O 8.Bxd7 
Bxd7 9.h3 Bc6 10.Re1 Nd7 11.Bg5 h6 12.Bh4 g5 13.Bg3 f5 14.exf5 Rxf5 15.Nh2
Qf8 16.Qe2 Rf7 17.Ng4 a6 18.Nd5 Bxd5 19.cxd5 Nb6 20.Qe4 h5 21.Ne3 h4 22.
Bh2 Bd4 23.Ng4 Qg7 24.Qe6 Kh8 25.Kh1 Raf8 26.f3 Na4 27.Qd7 Nxb2 28.Re6 
Nxd3 29.Rh6+ Kg8 30.Rf1 c4 31.Qe6 Nc5 32.Qe2 b5 33.f4 gxf4 34.Rxh4 f3 35.
gxf3 Qg5 36.Nh6+ Kh7 37.Qe1 Rg7 38.Nf7+ Qxh4 39.Qxh4+ Kg6 40.Nh8+ Rxh8 41.
Qxh8 Nd3 42.Bg1 Be5 43.Be3 Kf7 44.Qh5+ 1-0

[Event "26th EUR-ch"]
[Site "Katowice POL"]
[Date "2026.04.18"]
[Round "10.105"]
[White "Hulka, Valentyn"]
[Black "Meirovich, Ilay"]
[Result "1/2-1/2"]
[WhiteElo "2372"]
[BlackElo "2190"]
[EventDate "2026.04.07"]
[PlyCount "56"]

1.Nf3 d5 2.g3 Nd7 3.d4 Nb6 4.Bg2 Bf5 5.Nc3 e6 6.O-O h6 7.a4 a5 8.Nd2 Nf6 
9.e4 dxe4 10.Ndxe4 c6 11.Nxf6+ Qxf6 12.Ne4 Qg6 13.Qe2 Be7 14.c3 Nd5 15.Re1
O-O 16.Nd2 Rfd8 17.Nf3 Qf6 18.Ne5 c5 19.dxc5 Bxc5 20.Bd2 Rac8 21.Kh1 Qe7 
22.f4 Nf6 23.Be3 Be4 24.Red1 Bxg2+ 25.Kxg2 Qc7 26.Rxd8+ Rxd8 27.Bxc5 Qxc5 
28.Rd1 Rxd1 1/2-1/2